000 00247nam a2200097Ia 4500
001 734201
005 20250826163829.0
008 250824s9999 xx 000 0 und d
245 0 _aAMA BU ÇOCUK DEFOLU
_cSUZAN GERİDÖNMEZ
260 _bTUDEM YAYINLARI
999 _c734201
_d734201